Lắp ráp, cài đặt, sữa chữa PC

Nội dung sách hướng dẫn được minh họa bằng nhiều hình ảnh cụ thể giúp người dùng máy tính mở rộng thêm được sự hiểu biết về công nghệ máy tính.

Na minha lista:
Detalhes bibliográficos
Autor principal: Lê, Minh Trí
Formato: Livro
Idioma:Undetermined
Publicado em: Hà Nội Thống kê 2005
Assuntos:
Tags: Adicionar Tag
Sem tags, seja o primeiro a adicionar uma tag!
Thư viện lưu trữ: Trung tâm Học liệu Trường Đại học Cần Thơ
LEADER 00813nam a2200205Ia 4500
001 CTU_232185
008 210402s9999 xx 000 0 und d
020 |c 31000 
082 |a 621.39 
082 |b Tr300 
100 |a Lê, Minh Trí 
245 0 |a Lắp ráp, cài đặt, sữa chữa PC 
245 0 |c Lê Minh Trí 
260 |a Hà Nội 
260 |b Thống kê 
260 |c 2005 
520 |a Nội dung sách hướng dẫn được minh họa bằng nhiều hình ảnh cụ thể giúp người dùng máy tính mở rộng thêm được sự hiểu biết về công nghệ máy tính. 
650 |a Computer engineering,Kỹ thuật máy tính 
910 |b dqhieu 
980 |a Trung tâm Học liệu Trường Đại học Cần Thơ